[Event "HUN-chT2 Breyer 1314"]
[Site "Hungary"]
[Date "2014.03.02"]
[Round "6"]
[White "Harmatosi, Jozsef"]
[Black "Gal, Tamas"]
[Result "1/2-1/2"]
[WhiteElo "2236"]
[BlackElo "2228"]
[PlyCount "82"]
[EventDate "2013.09.08"]
[EventType "team-tourn"]
[EventRounds "9"]
[EventCountry "HUN"]
[SourceTitle "EXT 2016"]
[Source "ChessBase"]
[SourceDate "2015.10.08"]
[SourceVersion "1"]
[SourceVersionDate "2015.10.08"]
[SourceQuality "1"]
[WhiteTeam "Szazhalombatta"]
[BlackTeam "Zsambek"]
[WhiteTeamCountry "HUN"]
[BlackTeamCountry "HUN"]

1. Nf3 d5 2. d4 Nf6 3. e3 Bf5 4. Bd3 Bg6 5. c4 c6 6. cxd5 cxd5 7. Nc3 e6 8. Bxg6 hxg6 9. Qb3 Qc7 10. Bd2 Nc6 11. Rc1 Rc8 12. h3 Be7 13. 0-0 0-0 14. Ne5 Qb8 15. Nxc6 Rxc6 16. f3 Rfc8 17. e4 Rc4 18. Be3 a6 19. e5 Nd7 20. f4 b5 21. g4 Qb6 22. Ne2 a5 23. Qd3 a4 24. f5 exf5 25. gxf5 Rxc1 26. Nxc1 gxf5 27. Qxf5 Qe6 28. Qxe6 fxe6 29. Nd3 Nb6 30. Kg2 Rc2+ 31. Rf2 Nc4 32. Bc1 Rxf2+ 33. Kxf2 a3 34. bxa3 Bxa3 35. Bxa3 Nxa3 36. Nb4 Kf7 37. Ke3 Kg6 38. Kd3 Kf5 39. Nc6 Nc4 40. Na7 Na3 41. Nc6 Kf4 1/2-1/2

[Event "HUN-chT2 Breyer 1314"]
[Site "Hungary"]
[Date "2013.09.22"]
[Round "2"]
[White "Gal, Tamas"]
[Black "Gyurkovics, Bence"]
[Result "1/2-1/2"]
[WhiteElo "2228"]
[BlackElo "2211"]
[PlyCount "69"]
[EventDate "2013.09.08"]
[EventType "team-tourn"]
[EventRounds "9"]
[EventCountry "HUN"]
[SourceTitle "EXT 2016"]
[Source "ChessBase"]
[SourceDate "2015.10.08"]
[SourceVersion "1"]
[SourceVersionDate "2015.10.08"]
[SourceQuality "1"]
[WhiteTeam "Zsambek"]
[BlackTeam "Gyor Komszomol"]
[WhiteTeamCountry "HUN"]
[BlackTeamCountry "HUN"]

1. d4 Nf6 2. c4 e6 3. Nf3 d5 4. Nc3 Bb4 5. Bg5 dxc4 6. e3 b5 7. a4 c6 8. Be2 Bb7 9. 0-0 a6 10. Ne5 Nbd7 11. f4 Be7 12. Qc1 Nd5 13. Bxe7 Nxc3 14. bxc3 Qxe7 15. Qb1 Nxe5 16. fxe5 0-0 17. Qe4 c5 18. Qg4 cxd4 19. exd4 f5 20. exf6 Rxf6 21. Rxf6 Qxf6 22. Qg3 Qg6 23. Bg4 Rf8 24. Re1 Re8 25. Qh3 Qg5 26. axb5 axb5 27. Qg3 Qf6 28. Rxe6 Rxe6 29. Qb8+ Kf7 30. Bxe6+ Qxe6 31. Qxb7+ Kg6 32. Kf2 Qf5+ 33. Qf3 Qc2+ 34. Kg3 h6 35. Kf4 1/2-1/2

[Event "HUN-chT2 Breyer 1314"]
[Site "Hungary"]
[Date "2013.09.08"]
[Round "1"]
[White "Takacs, Tamas1111"]
[Black "Gal, Tamas"]
[Result "0-1"]
[WhiteElo "2203"]
[BlackElo "2228"]
[PlyCount "60"]
[EventDate "2013.09.08"]
[EventType "team-tourn"]
[EventRounds "9"]
[EventCountry "HUN"]
[SourceTitle "EXT 2016"]
[Source "ChessBase"]
[SourceDate "2015.10.08"]
[SourceVersion "1"]
[SourceVersionDate "2015.10.08"]
[SourceQuality "1"]
[WhiteTeam "Pet"]
[BlackTeam "Zsambek"]
[WhiteTeamCountry "HUN"]
[BlackTeamCountry "HUN"]

1. e4 c6 2. d4 d5 3. e5 Bf5 4. Nc3 e6 5. g4 Bg6 6. Nge2 f6 7. Nf4 fxe5 8. Nxg6 hxg6 9. dxe5 Bc5 10. Qd3 Ne7 11. Bg5 Nd7 12. f4 Bb4 13. 0-0-0 Nc5 14. Qd4 Qa5 15. Bd3 Rh3 16. Nb1 Na4 17. Bxe7 Kxe7 18. f5 Bc5 19. b4 Bxd4 20. bxa5 Bxe5 21. fxe6 Bf4+ 22. Nd2 g5 23. Rdf1 c5 24. Kd1 Nb2+ 25. Ke2 Re3+ 26. Kf2 Nxd3+ 27. cxd3 Rxd3 28. Nb3 c4 29. Nc1 Ra3 30. h4 gxh4 0-1

[Event "Budapest Sarkany IM 4th"]
[Site "Budapest"]
[Date "2013.08.18"]
[Round "2"]
[White "Grigoryan, Meri"]
[Black "Gal, Tamas"]
[Result "0-1"]
[WhiteElo "2052"]
[BlackElo "2240"]
[PlyCount "103"]
[EventDate "2013.08.17"]
[EventType "tourn"]
[EventRounds "9"]
[EventCountry "HUN"]
[EventCategory "1"]
[SourceTitle "CBM 156 Extra"]
[Source "ChessBase"]
[SourceDate "2013.10.22"]
[SourceVersion "1"]
[SourceVersionDate "2013.10.22"]
[SourceQuality "1"]

1. d4 c6 2. Nf3 d5 3. c3 Nf6 4. Bf4 Bf5 5. e3 Qb6 6. Qb3 Nbd7 7. Nbd2 h6 8. Ne5 Nxe5 9. Bxe5 Nd7 10. Bg3 e6 11. f3 Be7 12. e4 Bg6 13. Be2 0-0 14. 0-0 Nf6 15. e5 Nd7 16. f4 c5 17. Bf2 Rac8 18. Qxb6 Nxb6 19. dxc5 Bxc5 20. Bxc5 Rxc5 21. Nb3 Rc7 22. Nd4 Na4 23. Nb5 Rc5 24. b4 Rxb5 25. Bxb5 Nxc3 26. a4 a6 27. Rf3 Rc8 28. Bf1 Be4 29. Rh3 d4 30. Bd3 Bxd3 31. Rxd3 Rc4 32. g3 Rxb4 33. a5 Kf8 34. Kf1 Ke7 35. Rc1 Rc4 36. Rc2 Kd7 37. Rb2 Kc6 38. Kf2 Ne4+ 39. Kf3 Nc5 40. Rb6+ Kc7 41. Rd2 Ra4 42. Rc2 Rxa5 43. Rd6 Ra3+ 44. Ke2 d3+ 45. Rxd3 Rxd3 46. Rxc5+ Kb6 47. Rc8 Rd7 48. g4 a5 49. Rg8 g6 50. Rh8 a4 51. Rh7 a3 52. Rxh6 0-1

[Event "Budapest-chT1 Lilienthal 1213"]
[Site "Budapest"]
[Date "2013.05.05"]
[Round "11"]
[White "Gal, Tamas"]
[Black "Centgraf, Jozsef"]
[Result "1/2-1/2"]
[WhiteElo "2228"]
[BlackElo "2226"]
[PlyCount "119"]
[EventDate "2012.09.30"]
[EventType "team-tourn"]
[EventRounds "11"]
[EventCountry "HUN"]
[SourceTitle "EXT 2019"]
[Source "ChessBase"]
[SourceDate "2018.10.10"]
[SourceVersion "1"]
[SourceVersionDate "2018.10.10"]
[SourceQuality "1"]
[WhiteTeam "Fabulon"]
[BlackTeam "Sarkany II"]
[WhiteTeamCountry "HUN"]
[BlackTeamCountry "HUN"]

1. d4 Nf6 2. Nf3 e6 3. c4 b6 4. Nc3 Bb7 5. Bg5 d5 6. e3 Be7 7. Rc1 0-0 8. Bd3 Na6 9. cxd5 exd5 10. 0-0 c5 11. Qe2 Nb4 12. dxc5 bxc5 13. Rfd1 h6 14. Bh4 Nxd3 15. Qxd3 Qa5 16. Qd2 Qb4 17. a3 Qb3 18. Qc2 Qxc2 19. Rxc2 g5 20. Bg3 Rfd8 21. Bc7 Rdc8 22. Be5 Rd8 23. Bc7 Rd7 24. Ba5 Rc8 25. Na4 Ne4 26. Ne5 Rd6 27. b4 Re6 28. Nd3 c4 29. Ndb2 g4 30. Nc3 Nxc3 31. Rxc3 Bf6 32. Rc2 Bxb2 33. Rxb2 f5 34. b5 Kf7 35. Bc3 Ba8 36. Bd4 a6 37. a4 Ke8 38. Kf1 Kd7 39. g3 h5 40. Rc1 Rh6 41. Ke2 Bb7 42. h3 axb5 43. axb5 Ra8 44. Rh1 Kd6 45. Kd2 Bc8 46. h4 Rh7 47. Rc1 Rb7 48. Rcc2 Bd7 49. b6 Bc8 50. Ra2 Rxa2 51. Rxa2 Rb8 52. Ra7 Bb7 53. Kc3 Kc6 54. Ra5 Kd6 55. Kb4 Rc8 56. Ra7 Kc6 57. Ra5 Kd6 58. Kc3 Kc6 59. Rc5+ Kd6 60. Ra5 1/2-1/2

[Event "HUN-chT2 Barcza 1213"]
[Site "Hungary"]
[Date "2013.02.17"]
[Round "7.1"]
[White "Zabiak, Jozsef"]
[Black "Gal, Tamas"]
[Result "0-1"]
[WhiteElo "2194"]
[BlackElo "2228"]
[PlyCount "100"]
[EventDate "2012.09.16"]
[EventType "team-tourn"]
[EventRounds "11"]
[EventCountry "HUN"]
[SourceTitle "EXT 2014"]
[Source "ChessBase"]
[SourceDate "2013.11.20"]
[SourceVersion "1"]
[SourceVersionDate "2013.11.20"]
[SourceQuality "1"]
[WhiteTeam "Sajoszentpeter"]
[BlackTeam "Piremon"]
[WhiteTeamCountry "HUN"]
[BlackTeamCountry "HUN"]

1. e4 c6 2. d4 d5 3. exd5 cxd5 4. Bd3 Nc6 5. Nc3 Nf6 6. Nge2 Bg4 7. f3 Bh5 8. Bf4 e6 9. a3 Rc8 10. Qd2 Bd6 11. Bg5 Bg6 12. Bb5 a6 13. Bxc6+ Rxc6 14. h4 h6 15. Be3 Nh5 16. g4 Ng3 17. Nxg3 Bxg3+ 18. Bf2 Bxf2+ 19. Qxf2 Qb6 20. 0-0-0 h5 21. Rhe1 Qd8 22. g5 0-0 23. Rd2 b5 24. Ne2 Qc7 25. c3 a5 26. Qg3 Qa7 27. Kd1 b4 28. axb4 axb4 29. Nf4 Qa6 30. Nxg6 fxg6 31. Re3 Rfc8 32. f4 bxc3 33. Rxc3 Rxc3 34. bxc3 Rb8 35. Ke1 Rb1+ 36. Rd1 Rb2 37. Rd2 Qa1+ 38. Ke2 Rb1 39. Qh3 Kf7 40. Kf2 Rg1 41. Re2 Rg4 42. Re3 Qg1+ 43. Kf3 Qd1+ 44. Kf2 Kg8 45. Rxe6 Qd2+ 46. Kf1 Rxf4+ 47. Kg1 Qd1+ 48. Kg2 Qf1+ 49. Kh2 Rf2+ 50. Kg3 Rf3+ 0-1

[Event "Budapest-chT1 Lilienthal 1213"]
[Site "Budapest"]
[Date "2013.02.03"]
[Round "7"]
[White "Keschitz, Gyorgy"]
[Black "Gal, Tamas"]
[Result "1-0"]
[WhiteElo "2214"]
[BlackElo "2228"]
[PlyCount "137"]
[EventDate "2012.09.30"]
[EventType "team-tourn"]
[EventRounds "11"]
[EventCountry "HUN"]
[SourceTitle "EXT 2019"]
[Source "ChessBase"]
[SourceDate "2018.10.10"]
[SourceVersion "1"]
[SourceVersionDate "2018.10.10"]
[SourceQuality "1"]
[WhiteTeam "Budapest EAC"]
[BlackTeam "Fabulon"]
[WhiteTeamCountry "HUN"]
[BlackTeamCountry "HUN"]

1. Nf3 d5 2. g3 Nf6 3. Bg2 c6 4. d3 Bf5 5. 0-0 e6 6. b3 Be7 7. Bb2 0-0 8. Nbd2 h6 9. a3 Nbd7 10. c4 Bh7 11. Rc1 Rc8 12. Rc2 c5 13. cxd5 exd5 14. Qa1 Re8 15. Ne5 Nxe5 16. Bxe5 Qd7 17. e4 d4 18. Bxf6 Bxf6 19. Rfc1 b6 20. h4 g5 21. Kh2 Be5 22. Rh1 Kg7 23. Kg1 g4 24. h5 Rf8 25. Qd1 Kh8 26. Nc4 Rce8 27. f4 gxf3 28. Qxf3 f6 29. Bh3 Qg7 30. Kh2 Qg5 31. Rf2 Bg8 32. Bf5 Bf7 33. Kg2 Rg8 34. Nxe5 Rxe5 35. b4 c4 36. dxc4 Bxc4 37. Bg6 Rf8 38. Rh4 Qe3 39. Rf4 Qxf3+ 40. R4xf3 Kg7 41. Rd2 Rd8 42. Kf2 Bf7 43. Bf5 Bc4 44. Ke1 Kf8 45. Rc2 b5 46. Kd2 Ke7 47. a4 Kd6 48. Ra3 a6 49. axb5 Bxb5 50. Ra1 Rg8 51. g4 d3 52. Rc3 Rb8 53. Rac1 Re7 54. Rc5 Reb7 55. Rd5+ Ke7 56. e5 Be8 57. Rd6 fxe5 58. Rxh6 Bf7 59. Rxa6 Rxb4 60. Rc7+ Ke8 61. Rh6 Rb2+ 62. Ke3 Kf8 63. Rf6 d2 64. Rfxf7+ Ke8 65. Rce7+ Kd8 66. Rd7+ Ke8 67. Rh7 d1N+ 68. Rxd1 R8b3+ 69. Rd3 1-0

[Event "HUN-chT2 Barcza 1213"]
[Site "Hungary"]
[Date "2012.11.18"]
[Round "4.1"]
[White "Gal, Tamas"]
[Black "Suto, Gabor"]
[Result "1/2-1/2"]
[WhiteElo "2228"]
[BlackElo "2193"]
[PlyCount "110"]
[EventDate "2012.09.16"]
[EventType "team-tourn"]
[EventRounds "11"]
[EventCountry "HUN"]
[SourceTitle "EXT 2014"]
[Source "ChessBase"]
[SourceDate "2013.11.20"]
[SourceVersion "1"]
[SourceVersionDate "2013.11.20"]
[SourceQuality "1"]
[WhiteTeam "Piremon"]
[BlackTeam "Miskolc Kisbocsok"]
[WhiteTeamCountry "HUN"]
[BlackTeamCountry "HUN"]

1. d4 Nf6 2. Nf3 e6 3. c4 d5 4. Nc3 Nbd7 5. Bg5 Bb4 6. cxd5 exd5 7. e3 c5 8. Rc1 Qa5 9. Bxf6 Nxf6 10. Bd3 c4 11. Bb1 Bg4 12. Qc2 Ne4 13. 0-0 Bxc3 14. bxc3 Bh5 15. Nd2 Bg6 16. Nxe4 Bxe4 17. Qb2 Qb6 18. Qa3 Bg6 19. Qa4+ Qc6 20. Qxc6+ bxc6 21. Bxg6 hxg6 22. Rb1 0-0 23. Rb7 Rfb8 24. Rfb1 Rxb7 25. Rxb7 Kf8 26. Kf1 a5 27. a4 Ra6 28. Ke2 g5 29. Kf3 g6 30. Kg4 f6 31. g3 Ra8 32. Rb6 Rc8 33. Rb7 Re8 34. Rc7 Re4+ 35. Kf3 Re6 36. Ra7 f5 37. Rxa5 Kf7 38. Ra7+ Kf6 39. h3 Re4 40. Rc7 g4+ 41. hxg4 fxg4+ 42. Kg2 Re6 43. a5 Kf5 44. Kf1 Re8 45. a6 Rh8 46. Re7 Rh1+ 47. Ke2 Ra1 48. a7 Kf6 49. Rc7 Ra2+ 50. Kf1 Kf5 51. Re7 Kf6 52. Rc7 Kf5 53. Re7 Kf6 54. Rb7 Kf5 55. Re7 Kf6 1/2-1/2

[Event "HUN-chT2 Barcza 1213"]
[Site "Hungary"]
[Date "2012.11.04"]
[Round "3.1"]
[White "Gal, Tamas"]
[Black "Acs, Gabor"]
[Result "1-0"]
[WhiteElo "2228"]
[BlackElo "2219"]
[PlyCount "119"]
[EventDate "2012.09.16"]
[EventType "team-tourn"]
[EventRounds "11"]
[EventCountry "HUN"]
[SourceTitle "EXT 2014"]
[Source "ChessBase"]
[SourceDate "2013.11.20"]
[SourceVersion "1"]
[SourceVersionDate "2013.11.20"]
[SourceQuality "1"]
[WhiteTeam "Piremon"]
[BlackTeam "Miskolc EMSE"]
[WhiteTeamCountry "HUN"]
[BlackTeamCountry "HUN"]

1. d4 d5 2. c4 e6 3. Nc3 c6 4. e3 Nf6 5. Nf3 Nbd7 6. Bd3 dxc4 7. Bxc4 b5 8. Bd3 Bb7 9. 0-0 a6 10. Qe2 c5 11. Rd1 Qc7 12. a3 Bd6 13. dxc5 Nxc5 14. Bxb5+ Ke7 15. Bc4 Bxf3 16. Qxf3 Bxh2+ 17. Kh1 Be5 18. Bd2 Rab8 19. Rab1 Nb3 20. Bxb3 Rxb3 21. Rdc1 Qd7 22. Ne4 Nxe4 23. Qxe4 Bd6 24. Bc3 f6 25. Rd1 Qb5 26. Qg4 Qg5 27. Qxg5 fxg5 28. Bxg7 Rhb8 29. Rbc1 R8b6 30. Bc3 R6b5 31. Rd2 Be5 32. Bxe5 Rxe5 33. Rc7+ Kf6 34. Rxh7 Reb5 35. Rh6+ Kf5 36. g4+ Kxg4 37. Rxe6 a5 38. Kg2 Kf5 39. Ra6 Ke4 40. Kg3 Kf5 41. Rd4 Rc5 42. Ra4 Rbb5 43. b4 axb4 44. Rxb4 Rxb4 45. axb4 Rc1 46. Ra5+ Kf6 47. Rd5 Rg1+ 48. Kf3 Rb1 49. Rb5 Rb2 50. Rb6+ Ke5 51. Rb8 Kd5 52. Rb5+ Ke6 53. Rxg5 Rxb4 54. e4 Rb2 55. Ke3 Ra2 56. f3 Kf6 57. Rb5 Rh2 58. Rb6+ Kf7 59. Kf4 Ra2 60. Kf5 1-0

[Event "Budapest-chT1 Lilienthal 1213"]
[Site "Budapest"]
[Date "2012.09.30"]
[Round "1"]
[White "Sandor, Jozsef"]
[Black "Gal, Tamas"]
[Result "1/2-1/2"]
[WhiteElo "2069"]
[BlackElo "2228"]
[PlyCount "155"]
[EventDate "2012.09.30"]
[EventType "team-tourn"]
[EventRounds "11"]
[EventCountry "HUN"]
[SourceTitle "EXT 2019"]
[Source "ChessBase"]
[SourceDate "2018.10.10"]
[SourceVersion "1"]
[SourceVersionDate "2018.10.10"]
[SourceQuality "1"]
[WhiteTeam "Budapest REAC SISE"]
[BlackTeam "Fabulon"]
[WhiteTeamCountry "HUN"]
[BlackTeamCountry "HUN"]

1. Nf3 c6 2. d4 d5 3. Bf4 Nf6 4. e3 Bg4 5. Nbd2 Nbd7 6. c3 e6 7. Be2 Qb6 8. Qb3 Be7 9. 0-0 0-0 10. Rfe1 Rac8 11. h3 Bf5 12. Nh4 Ne4 13. Nxf5 exf5 14. Nxe4 fxe4 15. Qxb6 Nxb6 16. Red1 f5 17. g4 g5 18. Be5 f4 19. h4 f3 20. Bf1 gxh4 21. Bf4 Kg7 22. g5 Kg6 23. Bh3 Rce8 24. Kh2 Bxg5 25. Bxg5 Kxg5 26. Rg1+ Kf6 27. Rg4 Rg8 28. Rag1 Rxg4 29. Rxg4 Re7 30. b3 Rg7 31. Rxh4 Ke7 32. Rh6 Nd7 33. a4 Nf6 34. Kh1 Rg5 35. a5 Kf7 36. a6 b6 37. b4 Kg7 38. Rh4 h5 39. Rf4 Ng4 40. Bxg4 Rxg4 41. Rf5 Rg2 42. b5 cxb5 43. Rxd5 Rxf2 44. Rxh5 Ra2 45. Re5 Rxa6 46. Kg1 Ra1+ 47. Kf2 Ra2+ 48. Kf1 Rc2 49. Rxe4 Rxc3 50. Kf2 Kf6 51. Kxf3 b4 52. Re5 a6 53. Ke2 b3 54. Rh5 Kg6 55. Rh1 a5 56. Ra1 Kf5 57. Kd2 Rc4 58. Kd3 Rb4 59. e4+ Ke6 60. Kc3 b5 61. Rd1 Kd6 62. Rd2 Kc6 63. Rd1 Kd6 64. Rd2 Kc6 65. Rd1 b2 66. Rb1 Rc4+ 67. Kd3 Rc1 68. Rxb2 b4 69. d5+ Kc5 70. Ra2 Kb5 71. d6 Rd1+ 72. Rd2 Rxd2+ 73. Kxd2 Kc6 74. e5 a4 75. Kc2 Kd7 76. Kb2 Ke6 77. Ka2 Kd7 78. Kb2 1/2-1/2